MARC details
| 000 -CABECERA |
| campo de control de longitud fija |
02289nam a2200301 4500 |
| 003 - IDENTIFICADOR DEL NÚMERO DE CONTROL |
| campo de control |
EC-UNACH |
| 005 - FECHA Y HORA DE LA ÚLTIMA TRANSACCIÓN |
| campo de control |
20240424081608.0 |
| 006 - CÓDIGOS DE INFORMACIÓN DE LONGITUD FIJA--CARACTERÍSTICAS DEL MATERIAL ADICIONAL |
| campo de control de longitud fija |
s||||gr|||| 00| 00 |
| 008 - DATOS DE LONGITUD FIJA--INFORMACIÓN GENERAL |
| campo de control de longitud fija |
150116t9999 mx r gr 000 0 spa d |
| 020 ## - NÚMERO INTERNACIONAL ESTÁNDAR DEL LIBRO |
| Número Internacional Estándar del Libro |
978-84-19164+05-6 |
| 040 ## - FUENTE DE LA CATALOGACIÓN |
| Centro catalogador/agencia de origen |
EC-UNACH |
| Centro/agencia transcriptor |
EC-UNACH |
| 041 ## - CÓDIGO DE LENGUA |
| Código de lengua del texto/banda sonora o título independiente |
spa |
| 082 04 - NÚMERO DE LA CLASIFICACIÓN DECIMAL DEWEY |
| Número de edición |
23 |
| Número de clasificación |
011 |
| Número de documento/Ítem |
L016707 |
| 100 ## - ENTRADA PRINCIPAL--NOMBRE DE PERSONA |
| Nombre de persona |
Muñoz Calero, Pilar |
| 245 ## - MENCIÓN DE TÍTULO |
| Título |
La embriología del universo: arraigados en el mundo, conectados a la vida |
| 250 ## - MENCIÓN DE EDICIÓN |
| Mención de edición |
Primera Edición |
| 264 ## - Producción, publicación, distribución, fabricación y copyright |
| Lugar de producción, publicación, distribución, fabricación |
Barcelona |
| Nombre del de productor, editor, distribuidor, fabricante |
Ediciones Luciérnaga |
| Fecha de de producción, publicación, distribución, fabricación o copyright |
2022 |
| 300 ## - DESCRIPCIÓN FÍSICA |
| Extensión |
460 páginas |
| 500 ## - NOTA GENERAL |
| Nota general |
Un llamado humanista para conectarnos con la «lógica de la vida» y plantarle cara a la suicida «lógica del mundo».<br/><br/>Hace veinte años, la doctora Pilar Muñoz-Calero tuvo su primera y más aguda crisis de Sensibilidad Química Múltiple. La médico entusiasta que había sido hasta entonces se iba ensombreciendo hasta volverse un espectro de sí misma. El día en que entró en un hospital en Dallas que trataba enfermedades ambientales emergentes pesaba 35 kilos y algo le decía que no iba a ver más a sus hijos.<br/><br/>La embriología del universo nace de este sobrecogedor episodio autobiográfico y narra la metamorfosis que vino después. Un acto de reaprendizaje: desaprender para volver a aprender aquello que de verdad tiene sentido.<br/><br/>El libro es una invitación a despertar y frenar la hiperproducción a cualquier precio que hoy se refleja en tragedias como el calentamiento global o el culto a lo que nos intoxica y nos mata.<br/><br/>Una obra, también, llena de serena sabiduría con el que parecerá que estamos oyendo meditar al universo. |
| 505 ## - NOTA DE CONTENIDO CON FORMATO |
| Nota de contenido con formato |
Prólogo del químico e investigador David Díaz Díaz. -- 1. El sentido del sentido. -- 2. La lógica del mundo. -- 3. La lógica de la vida. -- 4. Sensibilidad química. -- 5. La embriología. -- 6. Viaje a la semilla. -- 7. Una promesa de belleza cumplida. -- 8. Desaprender para reaprender. -- 9. Probar otra vez. Fallar otra vez. Fallar mejor. -- 10. Agradecimientos. -- 11. Anexos. |
| 650 ## - PUNTO DE ACCESO ADICIONAL DE MATERIA--TÉRMINO DE MATERIA |
| Término de materia o nombre geográfico como elemento inicial |
CUATRO ELEMENTOS - FILOSOFÍA |
| 650 ## - PUNTO DE ACCESO ADICIONAL DE MATERIA--TÉRMINO DE MATERIA |
| Término de materia o nombre geográfico como elemento inicial |
AUTOAYUDA - SENTIDO |
| 942 ## - ELEMENTOS DE PUNTO DE ACCESO ADICIONAL (KOHA) |
| Fuente del sistema de clasificación o colocación |
Clasificación Decimal Dewey |
| Tipo de ítem Koha |
Libros |
| 999 ## - NÚMEROS DE CONTROL DE SISTEMA (KOHA) |
| Koha biblionumber |
12841 |